[Event "Corus A"]
[Site "Wijk aan Zee NED"]
[Date "2007.01.13"]
[Round "1"]
[White "Van Wely, L."]
[Black "Radjabov, T."]
[Result "0-1"]
[WhiteElo "2683"]
[BlackElo "2729"]
[PlyCount "80"]
[EventDate "2007.01.13"]

1. d4 Nf6 2. c4 g6 3. Nc3 Bg7 4. e4 d6 5. Nf3 O-O 6. Be2 e5 7. O-O Nc6 8. d5
Ne7 9. b4 Nh5 10. Re1 f5 11. Ng5 Nf6 12. f3 Kh8 13. Ne6 Bxe6 14. dxe6 Nh5 (
14... fxe4 15. fxe4 Nc6 16. Nd5 Nxe4 17. Bf3 Nf6 18. b5 Nxd5 19. bxc6 Nb6 20.
cxb7 Rb8 21. c5 e4 22. Rxe4 dxc5 23. Qxd8 Rfxd8 24. Bg5 Re8 25. Rd1 Bd4+ 26.
Rexd4 cxd4 27. e7 h6 28. Bf6+ Kg8 29. Rxd4 Kf7 30. Rd8 Nd7 31. Bh4 g5 32. Rxd7
Ke6 33. Bg4+ Kf6 34. Be1 Rxb7 35. Bc3+ Kg6 36. Bf3 Rb1+ 37. Kf2 Rc1 38. Rxc7
Kf5 39. Bh5 Rc2+ 40. Kf3 {
1-0 Van Wely,L (2648)-Radjabov,T (2704)/Khanty Mansiysk 2005/CBM 111}) 15. g3
Bf6 16. c5 f4 17. g4 Ng7 18. Bc4 Nc6 19. cxd6 cxd6 20. Ne2 Rc8 21. Bd5 Nxb4 22.
Rb1 Nc2 23. Rf1 b6 24. Rb2 Ne3 25. Bxe3 fxe3 26. Qb3 Bg5 27. Nc3 Rc5 28. Na4
Rc7 29. Nc3 Qc8 30. Nb5 Rc1 31. Rb1 Rxf1+ 32. Rxf1 Qc5 33. Kg2 Rc8 34. Re1 a6
35. Na3 Qd4 36. Re2 Rc3 37. Qb2 h5 38. h3 Qd1 39. Bb3 Rxb3 40. axb3 Nxe6 0-1